| 000 | 00000nam 2200000zi 4500 |
| 001 | 9.876325 |
| 003 | CaOODSP |
| 005 | 20221107164657 |
| 006 | m o d f |
| 007 | cr ||||||||||| |
| 008 | 190716e197202##onc #o f000 0 fre d |
| 040 | |aCaOODSP|bfre|erda|cCaOODSP |
| 041 | |afre|aeng |
| 043 | |an-cn--- |
| 086 | 1 |aC73-1470/1-PDF |
| 245 | 00|aGlossary : |bEnglish-French : derived from : Thesaurus of Canadian construction terminology = Lexique : français-anglais : dérivé de : Thesaurus de la terminologie canadienne en construction. |
| 246 | 11|aLexique : |bfrançais-anglais : dérivé de : Thesaurus de la terminologie canadienne en construction |
| 246 | 10|aThésaurus de la terminologie canadienne en construction |
| 246 | 14|aProgramme Beam |
| 250 | |aÉdition préliminaire |
| 264 | 1|aOttawa, Canada : |bConstruction Division, Materials Branch, Department of Industry, Trade and Commerce = Division de la construction, Direction des matériaux, Ministère de l'industrie et du commerce, |cFévrier 1972. |
| 300 | |a1 ressource en ligne (E95, F89 pages) |
| 336 | |atexte|btxt|2rdacontent/fre |
| 337 | |ainformatique|bc|2rdamedia/fre |
| 338 | |aressource en ligne|bcr|2rdacarrier/fre |
| 500 | |aEn couverture: Programme Beam. |
| 500 | |aÉdition numérisée de l’imprimé [par Innovation, Sciences et Développement économique Canada]. |
| 520 | |a« Ce lexique est tiré du Thesaurus canadien de la construction, qui a été préparé dans le cadre du Programme BEAM du ministère de l'Industrie et du Commerce. Il a été produit automatiquement à partir des programmes d'informatique destinés à l'élaboration du Thesaurus, et contient à peu près 7,200 termes. Pour faciliter la recherche des mots, ceux-ci ont été disposés à l'inverse de la manière habituelle; l'utilisateur doit lire de la colonne de droite à celle de gauche » -- Lexique. |
| 546 | |aTexte en anglais et en français. |
| 692 | 07|2gccst|aIndustrie de la construction |
| 692 | 07|2gccst|aTerminologie |
| 692 | 07|2gccst|aDictionnaire |
| 710 | 1 |aCanada. |bMinistère de l'industrie et du commerce. |
| 791 | |tGlossary : |eeng|w(CaOODSP)9.876320 |
| 856 | 40|qPDF|s12.22 Mo|uhttps://publications.gc.ca/collections/collection_2019/isde-ised/C73-1470-1.pdf |